Responses for Show #6783 - Wednesday, February 26, 2014

Arthur Chu game 7.

Contestants

[<< previous game]

Stephen Mellis, a security officer from Washington, D.C.

Lindsey Stallings, a lab technician from Carmel, Indiana

Arthur Chu, a compliance analyst and voiceover artist from Broadview Heights, Ohio (whose 6-day cash winnings total $158,000)

[next game >>]

Jeopardy! Round responses

TOY STORY
A BUG'S LIFE
THE INCREDIBLES
UP
BRAVE
PIX-"R"
    $200 25
Barbie

Arthur
    $200 23
a beetle

Stephen
    $200 29
OMG

Arthur
    $200 30
the Wright Brothers

Arthur
    $200 28
the Medal of Honor

Arthur
    $200 21
Rain Man

Arthur
    $400 18
Pokémon

Stephen
    $400 22
mosquitoes

Stephen
    $400 24
oohs & aahs

Lindsey
    $400 27
Lufthansa

Stephen
    $400 26
NYFD

Arthur
    $400 20
Ratatouille

Stephen
    $600 16
a View-Master

Arthur
    $600 13
a monarch butterfly

Stephen
    $600 14
holy smoke

Arthur
    $1,800 19
helicopters

Stephen
    $600 17
Piglet

Lindsey
    $600 9
Rocky

Arthur
    $800 12
Jenga

Lindsey
    $800 5
a praying mantis

Stephen
    $800 1
gee whiz

Triple Stumper
    $800 10
Lockheed

Triple Stumper
    $800 2
Malta

Arthur
    $800 8
RED

Lindsey
    $1000 7
Ninjago

Triple Stumper
    $1000 4
social

Lindsey
    $1000 6
"Unbelievable"

Arthur
    $1000 3
Wiley Post

Triple Stumper
    $1000 11
Ajax

Arthur
    $1000 15
Rear Window

Arthur

Scores at the first commercial break (after clue 15):

Arthur Lindsey Stephen
$5,000 $2,600 $1,400

Scores at the end of the Jeopardy! Round:

Arthur Lindsey Stephen
$7,000 $3,600 $5,000

Double Jeopardy! Round responses

POLITICAL CONVENTION KEYNOTERS
LITERARY DOCTORS
NEW ORLEANS
"PHIL"-OSOPHY
(Alex: Those four letters will come up in each correct response.)
POP CULTURE
PEAS ON EARTH
    $400 28
Giuliani

Arthur
    $400 24
Dr. Watson

Arthur
    $400 29
Katrina

Arthur
    $400 30
philately

Arthur
    $400 27
Ryan Gosling

Arthur
    $400 26
legumes

Arthur
    $800 25
Barack Obama

Arthur
    $800 18
Doctor Zhivago

Arthur
    $800 22
(Arthur: What is "What A Wonderful World"?)

"When The Saints Go Marching In"

ArthurLindsey
    $800 15
a Philly cheesesteak

Arthur
    $800 23
Miley Cyrus

Stephen
    $800 17
a snow pea

Lindsey
    $7,000 20
(Arthur: Who is Rehnquist?)

Earl Warren

Arthur
    $1200 13
Van Helsing

Arthur
    $1200 21
D-Day

Stephen
    $1200 1
(Regis) Philbin

Arthur
    $1200 4
(Stephen: What is To Rome with Love?)

Blue Jasmine

Stephen
Triple Stumper
    $1200 10
Jolly Green Giant

Arthur
    $1600 7
Barbara Jordan

Triple Stumper
    $1600 19
Dr. Kildare

Triple Stumper
    $1600 6
the French Quarter

Arthur
    $1600 9
philander

Arthur
    $1600 5
NCIS

Arthur
    $1600 14
a weevil

Lindsey
    $2000 12
(Daniel) Inouye

Arthur
    $8,200 2
Dr. Moreau

Arthur
    $2000 11
Kenner

Triple Stumper
    $2000 8
philtrum

Stephen
    $2000 3
Skinnygirl

Lindsey
    $2000 16
a black-eyed pea

Lindsey

Scores at the end of the Double Jeopardy! Round:

Arthur Lindsey Stephen
$22,600 $10,800 $7,800
(lock game)

[wagering suggestions for these scores]

Final Jeopardy! Round responses

SINGERS
StephenWho i Shirley Temple
$5,000
LindseyWho is Britney Spears?
$6,000
ArthurWho is Britney Spears
$600
Justin Bieber

Final scores:

Arthur Lindsey Stephen
$22,000 $4,800 $2,800
7-day champion: $180,000 2nd place: $2,000 3rd place: $1,000

Game dynamics:

Coryat scores:

Arthur Lindsey Stephen
$23,400 $10,800 $6,600
30 R
(including 1 DD),
2 W
(including 1 DD)
10 R,
0 W
11 R
(including 1 DD),
1 W

Combined Coryat: $40,800

[game clues] [game scores] [suggest correction]

Game tape date: 2013-11-19
The J! Archive is created by fans, for fans. Scraping, republication, monetization, and malicious use prohibited; this site may use cookies and collect identifying information. See terms. The Jeopardy! game show and all elements thereof, including but not limited to copyright and trademark thereto, are the property of Jeopardy Productions, Inc. and are protected under law. This website is not affiliated with, sponsored by, or operated by Jeopardy Productions, Inc. Join the discussion at JBoard.tv.